| 000 | 00695nam a2200253Ia 4500 | ||
|---|---|---|---|
| 003 | OSt | ||
| 005 | 20221005060551.0 | ||
| 006 | a|||||r|||| 00| 0 | ||
| 007 | ta | ||
| 008 | 221004b |||||||| |||| 00| 0 eng d | ||
| 024 | _a41155 | ||
| 037 | _cTextual | ||
| 040 |
_aCRL _cCRL _beng |
||
| 041 |
_2eng _aeng |
||
| 082 | _aO111,1M09:g, M6 | ||
| 100 | _aJump John D Ed. | ||
| 245 | 0 |
_aTennyson _b The critical heritage |
|
| 260 |
_aLondon _bRoutledge and Kegan Paul UK _c1986 |
||
| 300 |
_ax, 464p. _ccm. |
||
| 490 | _aCritical heritage series,1986 | ||
| 650 |
_aTENNYSON _9599615 |
||
| 942 |
_hO111,1M09:g, M6 _cTEXL _2cc |
||
| 999 |
_c966888 _d966888 |
||